Vulgaridad y nobleza

Uloženo v:
Podrobná bibliografie
Hlavní autor: Caballero, Fernán (Autor)
Médium: Kniha
Jazyk:španělština
Vydáno: Madrid Antonino Romero 1907
Edice:Obras, 15
Témata:
Tagy: Přidat tag
Žádné tagy, Buďte první, kdo vytvoří štítek k tomuto záznamu!

MARC

LEADER 00000nam a2200000 a 4500
001 UCM5681
003 CL-VaPUC
008 021018e19070000SP |||||||||||||||||spa|d
082 0 4 |a 863  |b CAB  |2 21 
100 0 |a Caballero, Fernán  |e author  |9 378233 
245 1 0 |a Vulgaridad y nobleza 
246 1 3 |a La corruptora y la buena maestra 
246 1 3 |a La maldición paterna 
246 1 3 |a La viuda del cesante 
246 1 4 |a Las mujeres cristianas 
246 1 0 |a Leonor 
246 1 4 |a Los dos memoriales 
246 1 3 |a Un vestido 
246 1 4 |a Los pobres perros abandonados 
300 |a 344 p 
942 |c BK 
945 |d 20021018 00:00:00  |a vberengu 
260 |a Madrid  |b Antonino Romero  |c 1907 
650 0 |a Novelas españolas  |9 265052 
650 0 |a Literatura española  |9 306261 
583 |a last modification  |c 20021018 00:00:00  |k Rodrigo Vera 
490 0 |a Obras, 15 
999 |c 301541  |d 301539 
952 |0 0  |1 0  |4 0  |6 863_000000000000000_CAB_1907  |7 0  |8 A  |9 360625  |a FDOPOS  |b FDOPOS  |d 2019-11-21  |i 3847748  |o 863 CAB 1907  |p 3847748  |r 2025-01-22  |w 2019-11-21  |y BK  |k MLH